| 000 | 00645naa a2200229 i 4500 | ||
|---|---|---|---|
| 001 | 91771 | ||
| 003 | ES-MaBCM | ||
| 005 | 20241016125820.0 | ||
| 008 | 030714s2003 fra 000 0 fre d | ||
| 021 | _axx | ||
| 035 | _a(OCoLC)1293719563 | ||
| 040 | _cES-MaBCM | ||
| 041 | 0 | _afre | |
| 043 | _afra | ||
| 100 | 1 |
_aButtoud, Gerard _97168 |
|
| 245 | 1 | 0 |
_aLa forêt _b: un espace aux utilités multiples _cGerard Buttoud |
| 520 | _aNº monográfico | ||
| 650 | 2 | 7 |
_aMontaña _959473 |
| 651 | 4 |
_aFrancia _9115364 |
|
| 773 | 0 |
_aEn: _tNotes et études documentaires _dParis : 2003 _gnº 5.168, mars, p. 1-141. - Loc. S.27 _w104473 |
|
| 942 | _cAREV | ||
| 999 |
_c91771 _d91771 |
||